000 00999nam a2200277 a 4500
001 BRCA_4992
005 20190320204907.0
008 281010s1922----mx-a######---#000-0#spa-#
041 _aspa
044 _amx
050 4 _aND257.P8
_b.P43 1922
100 1 _aPérez Salazar, Francisco
_97454
245 1 0 _aAlgunos datos sobre la pintura en Puebla en la época colonial
_cpor Francisco Pérez Salazar.
260 _aMéxico
_bSociedad Científica Antonio Alzate
_c1922
300 _ap. 217-302
_bil.
_c22 cm.
500 _aEn: Memorias y revista de la Sociedad Científica Antonio Alzate, t.41
500 _aArtículo inventariado por Banco de México como libro
500 _aEstado físico: Encuadernación deteriorada
500 _aD100
650 1 4 _aPintura
_zPuebla (Ciudad)
_99262
650 1 4 _aPintores mexicanos
_zPuebla (Ciudad)
_912718
650 1 4 _aPintura colonial
_zPuebla (Ciudad)
_912719
650 1 4 _aPintura mexicana
_zPuebla (Ciudad)
_912720
902 _aGFM
942 _2lcc
_cB
999 _c4686
_d4686